|
|
|
|
| LEADER |
00000nam a2200000 a 4500 |
| 001 |
vtls009523279 |
| 003 |
SK-MaSNL |
| 005 |
20260302010142.0 |
| 008 |
251124s2008 gw g 000 0 eng |
| 020 |
|
|
|a 9783598117800 (viaz.)
|
| 040 |
|
|
|a SNK
|b slo
|c SNK
|e AACR2
|
| 041 |
0 |
|
|a eng
|
| 044 |
|
|
|a gw
|c DE
|
| 072 |
|
7 |
|a 77
|x Fotografia. Fotografické postupy
|2 konspekt
|
| 080 |
|
|
|a 778.142
|2 2001
|
| 080 |
|
|
|a (031)
|2 2001
|
| 245 |
0 |
0 |
|a Guide to microforms in print 2008
|b incorporating international microforms in print
|n Vol. 1, A - K
|c [edited by Irene Izod]
|
| 246 |
3 |
2 |
|a Microforms in print 2008
|
| 260 |
|
|
|a München
|b K. G. Saur
|c c2008
|
| 300 |
|
|
|a xviii, 1422 s.
|c 29 cm
|
| 490 |
1 |
|
|a Library of Congress Catalog Card
|v No. 61-7082
|x 0164-0747
|
| 505 |
1 |
|
|a Guide to microforms in print 2008, vol. 2, L - Z, s. 1425 - 2856
|
| 650 |
0 |
7 |
|a mikrodokumenty
|2 SNKPH
|9 294255
|
| 650 |
0 |
7 |
|a Microforms
|2 SNKPHeng
|9 294256
|
| 655 |
|
7 |
|a encyklopédie
|2 SNKPH
|9 28776
|
| 655 |
|
7 |
|a Encyclopedias
|2 SNKPHeng
|9 90422
|
| 700 |
1 |
|
|a Izod, Irene
|4 com
|9 539077
|
| 830 |
|
0 |
|a Library of Congress Catalog Card
|9 539078
|
| 919 |
|
|
|a 978-3-598-11780-0
|
| 999 |
|
|
|c 1002113
|d 1004043
|
| 952 |
|
|
|t snkGUI/1 778.142 ( 031 )
|a SNKUST
|b SNKUST
|y PREZ
|7 0
|p 17A0623231
|o snkIB 72004/1
|i snk2009/10273
|8 3
|g 275.00
|0 0
|1 0
|4 0
|d 2009-06-08
|l 0
|r 2025-04-29 00:00:00
|w 2026-02-24
|
| 952 |
|
|
|t snkGUI/2 778.142 (031 )
|a SNKUST
|b SNKUST
|y PREZ
|7 0
|p 17A0623232
|o snkIB 72004/2
|i snk2009/10274
|8 3
|g 275.00
|0 0
|1 0
|4 0
|d 2009-06-08
|l 0
|r 2025-04-29 00:00:00
|w 2026-02-24
|